000 01051cam a2200289 a 4500
001 000007460
005 20250128171937.0
008 030609s1999 ve b 000 0 spa d
020 _a980619764X
035 _a(OCoLC)ocm43940287
040 _aDO-SdBNP
_cNOC
_dOCLCQ
_dBNPHU
082 _aV864.44
_bV632v
100 1 _aVicente, Henry,
_d1962-
_920741
245 1 3 _aEl vértigo horizontal /
_cHenry Vicente.
260 _aCaracas, (Venezuela) :
_bCentro de Estudios Latinoamericanos Rómulo Gallegos,
_c1999.
300 _a87 p. ;
_c21 cm.
490 1 _a12 edición Premio Fernando Paz Castillo 1998
_aEstudios Literarios
504 _aBibliografías: p. 81-87.
586 _aPremio Fernando Paz Castillo, 1998.
600 1 0 _aBorges, Jorge Luis,
_d1899-1986
_94173
650 4 _aEnsayos venezolanos
_94376
650 4 _aLiteratura venezolana
_93816
700 1 _aGallegos, Rómulo,
_eed.
_920742
830 0 _a12 edición Premio Fernando Paz Castillo 1998,
_pEstudios Literarios.
_920743
910 _aCatalogación por copia / LC
049 _aBNGR
999 _c7241
_d7241